LEADER 01096nam--2200349---450- 001 990002166830203316 005 20090407164507.0 035 $a000216683 035 $aUSA01000216683 035 $a(ALEPH)000216683USA01 035 $a000216683 100 $a20041112d1967----km-y0itay0103----ba 101 $aita 102 $aIT 105 $a||||||||001yy 200 1 $aRicerche storiche sulla posizione giuridica ed ecclesiastica dei Greci a Venezia nei secoli 15. e 16.$fGiorgio Fedalto 210 $aFirenze$cOlschki$d1967 215 $a170 p.$d24 cm 410 0$12001 454 1$12001 461 1$1001-------$12001 676 $a330.9 700 1$aFEDALTO,$bGiorgio$0174191 801 0$aIT$bsalbc$gISBD 912 $a990002166830203316 951 $a330.9 FED 1 (ISE II 117)$b48214 E.C.$cISE II$d00202829 959 $aBK 969 $aECO 979 $aSIAV7$b10$c20041112$lUSA01$h1307 979 $aRSIAV1$b90$c20090407$lUSA01$h1645 996 $aRicerche storiche sulla posizione giuridica ed ecclesiastica dei Greci a Venezia nei secoli 15. e 16$91038002 997 $aUNISA LEADER 01182cam0 22002651 450 001 SOBE00056006 005 20170609120612.0 100 $a20170609d1972 |||||ita|0103 ba 101 $ager 102 $aDE 200 1 $a<>Theologie und Feuerbachs Religionskritik$edie Reaktion der Theologie des 19. Jahrhunderts auf Ludwing Feuerbachs Religionskritik mit Ausblicken auf das 20. Jahrhundert und einem Anhang über Feuerbach$fErich Schneider 210 $aGöttingen$cVandehoeck & Ruprecht$d1972 215 $a277 p.$d25 cm 225 2 $aStudien zur Theologie und Geistesgeschichte des Neunzehnten Jahrhunderts$v1 410 1$1001LAEC00027912$12001 $a*Studien zur Theologie und Geistesgeschichte des Neunzehnten Jahrhunderts$v1 700 1$aSchneider$b, Erich <1900-1970>$3SOBA00014702$4070$0105377 801 0$aIT$bUNISOB$c20170609$gRICA 850 $aUNISOB 852 $aUNISOB$j200$m72452 912 $aSOBE00056006 940 $aM 102 Monografia moderna SBN 941 $aM 957 $a200$b001407$gSI$d72452$racquisto$tN$1menle$2UNISOB$3UNISOB$420170609120356.0$520170609120427.0$6menle 996 $aTheologie und Feuerbachs Religionskritik$9954511 997 $aUNISOB